000 00728nam a2200229Ia 4500
003 OSt
005 20220928113508.0
006 a|||||r|||| 00| 0
007 ta
008 220927b |||||||| |||| 00| 0 eng d
024 _a26355
037 _cAnnuals, Advances
040 _aSDCL
_cSDCL
_beng
041 _2eng
_aeng
082 _aX9W.2'N7, M4
100 _aNigam Raj K Ed.
_9433464
245 0 _aIndira Gandhi's legacy to the Indian nation
_b Economic development and the public sector
260 _aDelhi
_bDocumentation Centre for Corporate and Business Policy research
_c1984
300 _avii,105p
_ccm.
942 _hX9W.2'N7, M4
_cREF
_2CC
999 _c749884
_d749884